[Event "Pardubice rapid op 34th"]
[Site "Pardubice"]
[Date "2023.07.20"]
[Round "4"]
[White "Lihotsky, Lukas"]
[Black "Martianov, Andre"]
[Result "1/2-1/2"]
[WhiteElo "2139"]
[BlackElo "1951"]
[PlyCount "90"]
[EventDate "2023.07.19"]
[EventType "swiss (rapid)"]
[EventRounds "9"]
[EventCountry "CZE"]
[SourceTitle "CBM 215 Extra"]
[Source "ChessBase"]
[SourceDate "2023.09.30"]
[SourceVersion "1"]
[SourceVersionDate "2023.09.30"]
[SourceQuality "1"]

1. d4 Nf6 2. c4 g6 3. Nc3 d5 4. Nf3 Bg7 5. Qb3 dxc4 6. Qxc4 0-0 7. e4 Nc6 8. Be2 Nd7 9. d5 Nce5 10. Nxe5 Nxe5 11. Qb3 c6 12. f4 Nd7 13. dxc6 Nc5 14. Qc2 Bd4 15. c7 Qxc7 16. Nd5 Qd6 17. Qc4 e5 18. fxe5 Qxe5 19. Bf3 b6 20. Bf4 Qg7 21. Rd1 Bxb2 22. Qc2 Ba6 23. Nc7 Bc3+ 24. Kf2 Rac8 25. Nxa6 Nxa6 26. Qa4 Nc5 27. Qxa7 Ra8 28. Qxb6 Rxa2+ 29. Kf1 Bd4 30. Be2 Re8 31. Qb5 Rea8 32. Qc4 R8a4 33. Qd5 Rxe2 34. Qd8+ Qf8 35. Qxf8+ Kxf8 36. Bd6+ Kg8 37. Kxe2 Nxe4 38. Bf4 Nc3+ 39. Kf3 Nxd1 40. Rxd1 Bf6 41. Be3 Kg7 42. h3 h5 43. Rd2 Ra3 44. Rd5 Bb2 45. Kf2 Ra4 1/2-1/2

[Event "Pardubice rapid op 34th"]
[Site "Pardubice"]
[Date "2023.07.19"]
[Round "3"]
[White "Markina, Sofiia"]
[Black "Lihotsky, Lukas"]
[Result "0-1"]
[WhiteElo "1584"]
[BlackElo "2139"]
[PlyCount "76"]
[EventDate "2023.07.19"]
[EventType "swiss (rapid)"]
[EventRounds "9"]
[EventCountry "CZE"]
[SourceTitle "CBM 215 Extra"]
[Source "ChessBase"]
[SourceDate "2023.09.30"]
[SourceVersion "1"]
[SourceVersionDate "2023.09.30"]
[SourceQuality "1"]

1. e4 c6 2. d4 d5 3. e5 Bf5 4. h4 h5 5. Bd3 Bxd3 6. Qxd3 Qa5+ 7. Nd2 e6 8. f4 Nh6 9. Ngf3 Qa6 10. c4 Nf5 11. 0-0 Be7 12. b3 c5 13. Kh1 Ng3+ 14. Kh2 Nxf1+ 15. Nxf1 Nc6 16. Ng3 g6 17. Be3 cxd4 18. Bxd4 Nxd4 19. Qxd4 dxc4 20. bxc4 0-0 21. Ne4 Rfd8 22. Qe3 Rac8 23. Nf6+ Kg7 24. Ng5 Qxc4 25. Qg3 Bxf6 26. exf6+ Kxf6 27. Re1 Rd3 28. Ne4+ Kg7 29. Qg5 Qd4 30. Ng3 Kh7 31. Ne4 Qg7 32. Nf6+ Kh8 33. Rb1 b6 34. Rb4 Rc5 35. Qxc5 Qxf6 36. Qf8+ Kh7 37. f5 Qe5+ 38. g3 Qxg3+ 0-1

[Event "Pardubice Czech op-E 34th"]
[Site "Pardubice"]
[Date "2023.07.16"]
[Round "6"]
[White "Eret, Matous"]
[Black "Lihotsky, Lukas"]
[Result "1-0"]
[WhiteElo "2300"]
[BlackElo "2139"]
[PlyCount "67"]
[EventDate "2023.07.13"]
[EventType "team-swiss"]
[EventRounds "7"]
[EventCountry "CZE"]
[SourceTitle "CBM 215 Extra"]
[Source "ChessBase"]
[SourceDate "2023.09.30"]
[SourceVersion "1"]
[SourceVersionDate "2023.09.30"]
[SourceQuality "1"]
[WhiteTeam "Klatovy Sokol"]
[BlackTeam "Polabiny II"]
[WhiteTeamCountry "CZE"]
[BlackTeamCountry "CZE"]

1. a3 d5 2. Nf3 Nf6 3. c4 e6 4. e3 Be7 5. d3 0-0 6. Nbd2 c5 7. Be2 Nc6 8. 0-0 e5 9. cxd5 Nxd5 10. Qc2 Be6 11. b3 Rc8 12. Bb2 f6 13. Rac1 Qd7 14. Rfd1 Rfd8 15. Qb1 Qe8 16. Ne4 Qf8 17. Bf1 Nb6 18. Ba1 Na5 19. Ned2 Qf7 20. Nc4 Nbxc4 21. dxc4 Nc6 22. Bd3 g6 23. Be4 Bf8 24. h4 Qc7 25. h5 gxh5 26. Bf5 Bxf5 27. Qxf5 Qf7 28. Bc3 Ne7 29. Qe4 Ng6 30. Qf5 Ne7 31. Qh3 Nc6 32. Rd5 Rd6 33. Rxd6 Bxd6 34. Qxc8+ 1-0

[Event "Pardubice Czech op-E 34th"]
[Site "Pardubice"]
[Date "2023.07.14"]
[Round "3"]
[White "Lihotsky, Lukas"]
[Black "Vojta, Jakub"]
[Result "1/2-1/2"]
[WhiteElo "2139"]
[BlackElo "2277"]
[PlyCount "48"]
[EventDate "2023.07.13"]
[EventType "team-swiss"]
[EventRounds "7"]
[EventCountry "CZE"]
[SourceTitle "CBM 215 Extra"]
[Source "ChessBase"]
[SourceDate "2023.09.30"]
[SourceVersion "1"]
[SourceVersionDate "2023.09.30"]
[SourceQuality "1"]
[WhiteTeam "Polabiny II"]
[BlackTeam "Vlasim Spartak"]
[WhiteTeamCountry "CZE"]
[BlackTeamCountry "CZE"]

1. d4 Nf6 2. c4 c5 3. d5 b5 4. cxb5 a6 5. bxa6 g6 6. Nc3 Bg7 7. e4 0-0 8. a7 Rxa7 9. Nf3 e6 10. Be2 exd5 11. exd5 d6 12. 0-0 Na6 13. Bf4 Nc7 14. Re1 Rb7 15. Qd2 Bf5 16. Bf1 Bg4 17. Be2 Bf5 18. Bf1 Bg4 19. Be2 Re8 20. h3 Bf5 21. Bd3 Bxd3 22. Qxd3 Rxb2 23. Reb1 Rxb1+ 24. Rxb1 Nh5 1/2-1/2

[Event "Plzen op 11th"]
[Site "Plzen"]
[Date "2023.03.05"]
[Round "2"]
[White "Chubar, Vladimir"]
[Black "Lihotsky, Lukas"]
[Result "0-1"]
[WhiteElo "1802"]
[BlackElo "2053"]
[PlyCount "68"]
[EventDate "2023.03.04"]
[EventType "swiss"]
[EventRounds "9"]
[EventCountry "CZE"]
[SourceTitle "CBM 213 Extra"]
[Source "ChessBase"]
[SourceDate "2023.05.31"]
[SourceVersion "1"]
[SourceVersionDate "2023.05.31"]
[SourceQuality "1"]

1. Nf3 d5 2. d4 c6 3. Nc3 Bf5 4. Bf4 Nf6 5. e3 e6 6. Bd3 Nbd7 7. Ne5 Bb4 8. 0-0 Nxe5 9. Bxe5 Bxd3 10. Qxd3 0-0 11. Ne2 Bd6 12. Bg3 c5 13. c4 cxd4 14. Qxd4 Bxg3 15. Nxg3 dxc4 16. Qxc4 Qb6 17. b3 Rac8 18. Qa4 Qc5 19. h3 h6 20. Rac1 Qxc1 21. Rxc1 Rxc1+ 22. Kh2 Rc2 23. Qxa7 Rxf2 24. e4 Rc2 25. Qxb7 Rxa2 26. e5 Nd5 27. Ne4 Nf4 28. Kg3 Nxg2 29. Nd6 Ne3 30. Qd7 Rb2 31. Qb7 Nd5 32. Kh4 Rg2 33. Nf5 Nf4 34. Ne7+ Kh8 0-1

[Event "CZE-chT1W 2223"]
[Site "Czech Republic"]
[Date "2023.02.26"]
[Round "9.3"]
[White "Hinks Edwards, Thomas RJ"]
[Black "Lihotsky, Lukas"]
[Result "1-0"]
[WhiteElo "2328"]
[BlackElo "1920"]
[PlyCount "71"]
[EventDate "2022.10.09"]
[EventType "team-tourn"]
[EventRounds "11"]
[EventCountry "CZE"]
[SourceTitle "CBM 213 Extra"]
[Source "ChessBase"]
[SourceDate "2023.05.31"]
[SourceVersion "1"]
[SourceVersionDate "2023.05.31"]
[SourceQuality "1"]
[WhiteTeam "Litomerice Slavoj"]
[BlackTeam "Polabiny III"]
[WhiteTeamCountry "CZE"]
[BlackTeamCountry "CZE"]

1. c4 e6 2. Nc3 d5 3. d4 c6 4. e3 Nf6 5. Nf3 Nbd7 6. b3 Bb4 7. Bd2 0-0 8. Be2 Qe7 9. 0-0 dxc4 10. bxc4 e5 11. Rb1 Bd6 12. Nh4 g6 13. g3 a6 14. c5 Bc7 15. Bc4 Rd8 16. Re1 Nf8 17. f4 exd4 18. exd4 Qd7 19. Nf3 Nd5 20. Nxd5 cxd5 21. Bd3 Rb8 22. Ne5 Bxe5 23. fxe5 Qc7 24. Rb6 Bd7 25. Ba5 Ne6 26. Bf1 Qc8 27. Rd6 Re8 28. Qd2 Bc6 29. Bg2 Ng7 30. Rf1 Nf5 31. Bh3 Nxd6 32. Bxc8 Nxc8 33. Bc7 Ra8 34. Qf4 Rf8 35. Qf6 Bd7 36. e6 1-0

[Event "CZE-chT1W 2223"]
[Site "Czech Republic"]
[Date "2023.02.12"]
[Round "8.6"]
[White "Seidl, Stepan"]
[Black "Lihotsky, Lukas"]
[Result "1-0"]
[WhiteElo "2145"]
[BlackElo "1920"]
[PlyCount "41"]
[EventDate "2022.10.09"]
[EventType "team-tourn"]
[EventRounds "11"]
[EventCountry "CZE"]
[SourceTitle "CBM 213 Extra"]
[Source "ChessBase"]
[SourceDate "2023.05.31"]
[SourceVersion "1"]
[SourceVersionDate "2023.05.31"]
[SourceQuality "1"]
[WhiteTeam "Gordic"]
[BlackTeam "Polabiny III"]
[WhiteTeamCountry "CZE"]
[BlackTeamCountry "CZE"]

1. e4 c6 2. Nc3 d5 3. Nf3 Bg4 4. h3 Bxf3 5. Qxf3 e6 6. d4 Nf6 7. Bd3 Bb4 8. e5 Nfd7 9. Qg4 Bf8 10. Bg5 Qb6 11. 0-0 a6 12. Ne2 c5 13. Nf4 c4 14. Nxd5 exd5 15. e6 Nf6 16. Bxf6 cxd3 17. Qh5 gxf6 18. Qxf7+ Kd8 19. Qxf6+ Ke8 20. cxd3 Nc6 21. Qf7+ 1-0

[Event "CZE-chT1W 2223"]
[Site "Czech Republic"]
[Date "2022.10.09"]
[Round "1.4"]
[White "Rasik, Vitezslav"]
[Black "Lihotsky, Lukas"]
[Result "1-0"]
[WhiteElo "2419"]
[BlackElo "1920"]
[PlyCount "47"]
[EventDate "2022.10.09"]
[EventType "team-tourn"]
[EventRounds "11"]
[EventCountry "CZE"]
[SourceTitle "CBM 210 Extra"]
[Source "ChessBase"]
[SourceDate "2022.11.30"]
[SourceVersion "1"]
[SourceVersionDate "2022.11.30"]
[SourceQuality "1"]
[WhiteTeam "Neratovice"]
[BlackTeam "Polabiny III"]
[WhiteTeamCountry "CZE"]
[BlackTeamCountry "CZE"]

1. e4 c6 2. c4 d5 3. cxd5 cxd5 4. exd5 Nf6 5. Bb5+ Nbd7 6. Nc3 a6 7. Be2 b5 8. Nf3 Bb7 9. 0-0 Nb6 10. Ne5 Nfxd5 11. d4 e6 12. a4 b4 13. Ne4 Nd7 14. Bg5 f6 15. Nc4 N7b6 16. Na5 Bc8 17. Bh5+ Kd7 18. Nc5+ Bxc5 19. dxc5 fxg5 20. Rc1 Kc7 21. cxb6+ Kxb6 22. Qd4+ Kxa5 23. Qc5+ Kxa4 24. Bd1+ 1-0

[Event "Pardubice rapid op 33rd"]
[Site "Pardubice"]
[Date "2022.07.21"]
[Round "7"]
[White "Chrz, Pavel"]
[Black "Lihotsky, Lukas"]
[Result "1/2-1/2"]
[WhiteElo "1986"]
[BlackElo "1935"]
[PlyCount "62"]
[EventDate "2022.07.20"]
[EventType "swiss (rapid)"]
[EventRounds "9"]
[EventCountry "CZE"]
[SourceTitle "CBM 209 Extra"]
[Source "ChessBase"]
[SourceDate "2022.09.30"]
[SourceVersion "1"]
[SourceVersionDate "2022.09.30"]
[SourceQuality "1"]

1. e4 c6 2. c4 d5 3. exd5 cxd5 4. cxd5 Nf6 5. Qa4+ Nbd7 6. Nc3 g6 7. Bc4 Bg7 8. d3 0-0 9. Nf3 a6 10. Qa3 Nb6 11. Qb3 Nbd7 12. a4 Nc5 13. Qa3 Qc7 14. Be3 Ncd7 15. Qxe7 Ng4 16. 0-0 Nge5 17. Nxe5 Bxe5 18. Bh6 Bxh2+ 19. Kh1 Bd6 20. Qe2 Rd8 21. Ne4 Re8 22. Qf3 Re5 23. g4 f5 24. gxf5 Rxf5 25. Qxf5 gxf5 26. Rg1+ Kf7 27. Rg7+ Ke8 28. Ng5 Qc5 29. Re1+ Ne5 30. Rg8+ Ke7 31. Rg7+ Ke8 1/2-1/2

[Event "Pardubice rapid op 33rd"]
[Site "Pardubice"]
[Date "2022.07.21"]
[Round "8"]
[White "Lihotsky, Lukas"]
[Black "Michelle, Catherina P"]
[Result "0-1"]
[WhiteElo "1935"]
[BlackElo "2141"]
[PlyCount "48"]
[EventDate "2022.07.20"]
[EventType "swiss (rapid)"]
[EventRounds "9"]
[EventCountry "CZE"]
[SourceTitle "CBM 209 Extra"]
[Source "ChessBase"]
[SourceDate "2022.09.30"]
[SourceVersion "1"]
[SourceVersionDate "2022.09.30"]
[SourceQuality "1"]

1. d4 Nf6 2. c4 c5 3. d5 e6 4. Nc3 exd5 5. cxd5 d6 6. e4 g6 7. h3 Bg7 8. Nf3 0-0 9. Bd3 Na6 10. 0-0 Nc7 11. Re1 Rb8 12. a4 a6 13. a5 b5 14. axb6 Rxb6 15. Nd2 Nb5 16. Nc4 Rb8 17. Bd2 Ne8 18. Na5 Bd7 19. Nc4 Nec7 20. f4 Qh4 21. Nxb5 Bxb5 22. Qc2 Bxc4 23. Qxc4 Rxb2 24. Bc3 Qf2+ 0-1

[Event "Pardubice Czech op-E 33rd"]
[Site "Pardubice"]
[Date "2022.07.17"]
[Round "7.2"]
[White "Lihotsky, Lukas"]
[Black "Pokorny, Petr"]
[Result "1/2-1/2"]
[WhiteElo "1935"]
[BlackElo "2139"]
[PlyCount "20"]
[EventDate "2022.07.14"]
[EventType "team-swiss"]
[EventRounds "7"]
[EventCountry "CZE"]
[SourceTitle "CBM 209 Extra"]
[Source "ChessBase"]
[SourceDate "2022.09.30"]
[SourceVersion "1"]
[SourceVersionDate "2022.09.30"]
[SourceQuality "1"]
[WhiteTeam "Polabiny"]
[BlackTeam "Tuhy Korinek"]
[WhiteTeamCountry "CZE"]
[BlackTeamCountry "CZE"]

1. d4 d5 2. c4 e6 3. Nc3 c6 4. e4 Bb4 5. cxd5 exd5 6. e5 c5 7. a3 Bxc3+ 8. bxc3 Nc6 9. Be3 Nge7 10. Nf3 Qa5 1/2-1/2

[Event "Prague Summer op-B 7th"]
[Site "Prague"]
[Date "2020.08.12"]
[Round "6"]
[White "Lihotsky, Lukas"]
[Black "Guggenheim, Hans Wolfgang"]
[Result "1/2-1/2"]
[WhiteElo "1529"]
[BlackElo "1901"]
[PlyCount "99"]
[EventDate "2020.08.08"]
[EventType "swiss"]
[EventRounds "9"]
[EventCountry "CZE"]
[SourceTitle "EXT 2021"]
[Source "ChessBase"]
[SourceDate "2020.10.23"]
[SourceVersion "1"]
[SourceVersionDate "2020.10.23"]
[SourceQuality "1"]

1. d4 d5 2. c4 c6 3. Nf3 Nf6 4. Nc3 a6 5. cxd5 cxd5 6. Bf4 Nc6 7. e3 e6 8. a3 Bd6 9. Bxd6 Qxd6 10. Bd3 0-0 11. 0-0 h6 12. h3 e5 13. dxe5 Nxe5 14. Be2 Rd8 15. Nd4 b5 16. Bf3 Bb7 17. b3 Rac8 18. Qd2 Rd7 19. Rfc1 Rdc7 20. b4 Nc4 21. Qd3 Qe5 22. Nce2 Ne4 23. Bxe4 dxe4 24. Qb3 Bd5 25. Qd1 Nb2 26. Qd2 Nd3 27. Rxc7 Rxc7 28. Nc1 Bc4 29. Nxd3 Bxd3 30. Rc1 Bc4 31. Qb2 Rc6 32. Qd2 Rg6 33. Ne2 Rd6 34. Nd4 f5 35. g3 g5 36. Kh1 Kh7 37. Rg1 f4 38. gxf4 gxf4 39. Rg4 fxe3 40. fxe3 Rf6 41. Rg1 Bf1 42. Qh2 Qh5 43. Rg3 Qf7 44. Qg1 Bxh3 45. Qh2 Bf1 46. Rg1 Rf2 47. Qh4 Be2 48. Qxe4+ Kh8 49. Qa8+ Kh7 50. Qe4+ 1/2-1/2